| 000 | 01002nam a2200229Ia 4500 | ||
|---|---|---|---|
| 003 | Ost | ||
| 005 | 20260507075033.0 | ||
| 008 | 260507s9999||||xx |||||||||||||| ||und|| | ||
| 020 | _a9954009957 | ||
| 040 | _cfsecg | ||
| 041 | _aara | ||
| 082 | _a330 | ||
| 100 |
_aالعلاق، بشير عباس _eمؤلف |
||
| 245 | 0 |
_aالتسويق عبر الأنترنت / _c بشير عباس العلاق |
|
| 260 |
_aعمان: _bالوراق للنشر والتوزيع, _c2002 |
||
| 300 |
_a274 صفحة؛ _bإيضاحات ؛ _c24 سم |
||
| 520 | _aمدخل الى التسويق عبر الأنترنت- المفاهيم الأساسية للتسويق عبر الأنترنت- التسوق عبر الأنترنت - التسويق عبر الأنترنت فيما بين منشآت الأعمال- مستقبل التسويق عبر الأنترنت | ||
| 653 | _aأدارة المبيعات | ||
| 653 | _aالتسويق | ||
| 653 | _aتكنولوجيا المعلومات | ||
| 942 | _cكتاب | ||
| 999 |
_c42423 _d42423 |
||